Oops... I Did It Again - Britney Spears (Missing Lyrics) - Statistics

General Stats
  • This quiz has been taken 553 times
  • The average score is 17 of 22
Answer Stats
Lyrics Missing % Correct
Oops! I did it again, I played with your ___ heart
94%
Oops! You think I'm in ___ love
93%
That I'm sent from ___ above
91%
I'm not that ___ innocent
91%
Got ___ in the game, oh baby, baby lost
90%
I made you ___ we're more than just friends believe
89%
That is just so typically ___, oh baby, baby me
84%
Oops! I did it ___, I played with your heart again
81%
Got lost in the ___, oh baby, baby game
80%
I'm ___ that innocent not
80%
I ___ I did it again think
79%
That I'm ___ from above sent
78%
Oops! ___ think I'm in love You
78%
'Cause to ___ all my senses lose
77%
But it doesn't mean that I'm ___ serious
76%
That is just so ___ me, oh baby, baby typically
72%
But to lose all my ___ senses
71%
Oh baby, it might seem like a ___ crush
70%
You see my ___ is this, I'm dreaming away problem
63%
Can't you see I'm a ___ in so many ways? fool
53%
I ___, watching the days cry
51%
Wishing that ___, they truly exist heroes
40%
No matching quizzes found
Score Distribution
Percent of People with Each Score
Percentile by Number Answered
Your Score History
You have not taken this quiz